Normal view MARC view
  • Zheng Yang, Kun Qian, Chenshu Wu, & Yi Zhang

Entry Personal Name

Number of records used in: 1

001 - CONTROL NUMBER

  • control field: 133576

003 - CONTROL NUMBER IDENTIFIER

  • control field: NUST

005 - DATE AND TIME OF LATEST TRANSACTION

  • control field: 20260305114949.0

008 - FIXED-LENGTH DATA ELEMENTS

  • fixed length control field: 260305|| aca||aabn | a|a d

040 ## - CATALOGING SOURCE

  • Original cataloging agency: NUST
  • Transcribing agency: NUST

100 ## - HEADING--PERSONAL NAME

  • Personal name: Zheng Yang, Kun Qian, Chenshu Wu, & Yi Zhang

670 ## - SOURCE DATA FOUND

  • Source citation: Work cat.: (NUST): Zheng Yang, Kun Qian, Chenshu Wu, & Yi Zhang., Smart Wireless Sensing: From IoT to AIoT /, 2021.
© 2023 Central Library, National University of Sciences and Technology. All Rights Reserved.